000 00360 a2200121 4500
000 nam a22 7a 4500
005 20260312113818.0
020 _a9781032895277
100 _aStephen Langfur
_91131800
245 _aPhilosophy Meets the Infant : How New Research Transforms the Understanding of Human Existence
260 _bRoutledge
_c2025
942 _cTEXL
999 _c1715197
_d1715197